[Event "15th SC 1400/1800"]
[Site "SchemingMind.com"]
[Date "2006.07.27"]
[Round "-"]
[White "echecs"]
[Black "spoke"]
[Result "1/2-1/2"]
[WhiteCountry "ENG"]
[BlackCountry "GER"]
[WhiteElo "1651"]
[WhiteRD "71"]
[BlackElo "1678"]
[BlackRD "61"]
[GameID "61286"]

1. e4 e5 2. Nf3 Nc6 3. Bb5 a6 4. Bc4 Nf6 5. Ng5 d5 6. exd5 Na5 7. Qe2 Bd6 8. Bd3 Nxd5 9. Bc4 Nxc4 10. Qxc4 Be7
11. Nf3 Bf6 12. O-O O-O 13. d3 Be6 14. Qe4 Qd6 15. b3 Nb4 16. Ba3 c5 17. Rc1 Bd5 18. Qf5 Bxf3 19. gxf3 Nd5 20. Nd2 Nc3
21. Re1 b5 22. Bb2 g6 23. Qg4 Nd5 24. Ne4 Qc6 25. Ng5 Bxg5 26. Qxg5 f6 27. Qh4 Nf4 28. Re3 a5 29. a4 b4 30. Rae1 Ra7
31. Re4 g5 32. Qg4 Rg7 33. Kf1 f5 34. Qg3 fxe4 35. fxe4 Qe6 36. Re3 Rf6 37. Ke1 Rh6 38. Qg1 g4 39. Rg3 Rh3 40. Kd1 Nxd3
41. cxd3 Qxb3+ 42. Kc1 c4 43. Rxg4 Rxg4 44. Qxg4+ Kf7 45. Qf5+ Ke7 46. Qxh3 c3 47. Qxh7+ Kd8 48. Qh8+ Kd7 49. Qg7+ Kd8 50. Qf6+ Kd7
51. Qg7+ Kd8 52. Qf8+=
1/2-1/2

[Event "15th SC 1400/1800"]
[Site "SchemingMind.com"]
[Date "2006.07.28"]
[Round "-"]
[White "spoke"]
[Black "echecs"]
[Result "1-0"]
[WhiteCountry "GER"]
[BlackCountry "ENG"]
[WhiteElo "1678"]
[WhiteRD "61"]
[BlackElo "1651"]
[BlackRD "71"]
[GameID "61287"]

1. e4 Nf6 2. Nc3 e6 3. a3 c5 4. Nf3 Nc6 5. d4 cxd4 6. Nxd4 Bc5 7. Nxc6 bxc6 8. Bg5 Qb6 9. Qf3 Qxb2 10. Ra2 Qb6
11. Bxf6 gxf6 12. Be2 Bd4 13. O-O Qa5 14. Nd1 h5 15. Qd3 Be5 16. f4 Qb6+ 17. Kh1 Bd4 18. c3 Bc5 19. a4 a5 20. Rb2 Qc7
21. Qg3 Bf8 22. Nf2 Ba6 23. Bxa6 Rxa6 24. Rfb1 Ra8 25. Rb7 Qd6 26. e5 fxe5 27. fxe5 Qc5 28. Ne4 Qa3 29. Nf6+ Kd8 30. Rxd7+ Kc8
31. Qf3 Qxa4 32. Rb6
1-0

[Event "15th SC 1400/1800"]
[Site "SchemingMind.com"]
[Date "2006.07.27"]
[Round "-"]
[White "Gilligan"]
[Black "spoke"]
[Result "0-1"]
[WhiteCountry "USA"]
[BlackCountry "GER"]
[WhiteElo "1627"]
[WhiteRD "72"]
[BlackElo "1678"]
[BlackRD "61"]
[GameID "61299"]

1. e4 e5 2. Nf3 Nc6 3. Bc4 Nf6 4. O-O Bc5 5. Nc3 d6 6. h3 Be6 7. Bb5 Qd7 8. d3 a6 9. Bxc6 bxc6 10. Be3 Bxe3
11. fxe3 O-O 12. Qd2 Rab8 13. b3 Nh5 14. Kh2 g6 15. Qf2 f5 16. Qh4 f4 17. exf4 Rxf4 18. Qf2 Rbf8 19. Ne2 R4f7 20. Qe3 Nf4
21. Ng5 Rf6 22. Nxf4 Rxf4 23. Rxf4 Rxf4 24. g3 Rf6 25. Nxe6 Qxe6 26. Rg1 Qf7 27. Rg2 c5 28. c3 Rf3 29. Qe2 a5 30. c4 h5
31. Kg1 Kg7= 32. Qd2 h4 33. Qxa5 Rxd3 34. Qe1 Qf3 35. Kh2 hxg3+ 36. Qxg3 Qxe4 37. Qg4 Qf4+ 38. Qxf4 exf4 39. Rf2 Kf6 40. Rxf4+ Kg5
41. Rf2 d5 42. cxd5 Rxd5 43. a4 c4 44. b4 c3 45. Kg3 Rd3+ 46. Kg2 Rd2 47. Rxd2 cxd2
0-1

[Event "15th SC 1400/1800"]
[Site "SchemingMind.com"]
[Date "2006.07.27"]
[Round "-"]
[White "Gilligan"]
[Black "echecs"]
[Result "0-1"]
[WhiteCountry "USA"]
[BlackCountry "ENG"]
[WhiteElo "1627"]
[WhiteRD "72"]
[BlackElo "1651"]
[BlackRD "71"]
[GameID "61300"]

1. e4 Nf6 2. Nc3 e6 3. a3 c5 4. Nf3 a6 5. d3 Nc6 6. Be2 b5 7. O-O Qc7 8. Rb1 Bb7 9. Ne1 Bd6 10. f4 Be7
11. e5 Ng8 12. Ne4 Nd4 13. Bf3 Nh6 14. c3 Nxf3+ 15. Nxf3 c4 16. h3 Nf5 17. g4 Qb6+ 18. Nd4 Nxd4 19. Be3 Qc6 20. cxd4 cxd3
21. Nd6+ Bxd6 22. Rf3 Qxf3 23. Qxf3 Bxf3 24. exd6 Rc8 25. Kf2 Be4 26. Ke1 d2+ 27. Kxd2 Bxb1 28. b4 Rc2+ 29. Kd3 Rh2+ 30. Kc3 O-O
31. Bd2 Rc8+ 32. Kb2 Rxd2+ 33. Kxb1 Rcc2 34. f5 Rh2 35. fxe6 Rcg2 36. exd7 Rg1#
0-1

[Event "15th SC 1400/1800"]
[Site "SchemingMind.com"]
[Date "2006.07.28"]
[Round "-"]
[White "spoke"]
[Black "Gilligan"]
[Result "1/2-1/2"]
[WhiteCountry "GER"]
[BlackCountry "USA"]
[WhiteElo "1678"]
[WhiteRD "61"]
[BlackElo "1627"]
[BlackRD "72"]
[GameID "61301"]

1. e4 e5 2. Nf3 Nc6 3. Bc4 Nf6 4. Ng5 d5 5. exd5 Na5 6. Bb5+ Bd7 7. Qe2 a6 8. Qxe5+ Qe7 9. Bxd7+ Nxd7 10. Qxe7+ Bxe7
11. d3 b6 12. O-O Rd8 13. Re1 Nf6 14. c4 h6 15. Ne4 O-O 16. Nbd2 Bb4 17. Re2 Nxe4 18. Nxe4 c6 19. Bd2 Bxd2 20. Nxd2 cxd5
21. b4 Nc6 22. a3 dxc4 23. dxc4 Nd4 24. Re4 Nc2 25. Rd1 Nxa3 26. Kf1 f5 27. Ree1 a5 28. bxa5 bxa5 29. Nf3 Rxd1 30. Rxd1 Nxc4
31. Rc1 Nb2 32. Ke2 Rd8 33. Rc2 Na4 34. Rc4 Nb6 35. Rc5 a4 36. Ra5 Ra8 37. Rxa8+ Nxa8 38. Kd2 g5 39. Nd4 f4 40. g3 fxg3
41. fxg3 Nb6 42. Kc2 Kf7 43. Nb5 Nc4 44. Nc3 Ne3+ 45. Kd3 Nf1 46. Nxa4 Nxh2 47. Nc5 g4 48. Ne4 h5 49. Ke3 Kg6 50. Nd2 Kg5
51. Kf2 h4 52. gxh4+ Kxh4 53. Kg2 Kg5 54. Kxh2 Kf4 55. Kg2 Ke3 56. Kg3 Kxd2 57. Kxg4=
1/2-1/2

[Event "15th SC 1400/1800"]
[Site "SchemingMind.com"]
[Date "2006.07.27"]
[Round "-"]
[White "echecs"]
[Black "Gilligan"]
[Result "1-0"]
[WhiteCountry "ENG"]
[BlackCountry "USA"]
[WhiteElo "1689"]
[WhiteRD "67"]
[BlackElo "1675"]
[BlackRD "69"]
[GameID "61302"]

1. b4 Nf6 2. Bb2 e6 3. a3 Be7 4. Nf3 O-O 5. e3 b6 6. c4 Bb7 7. Bd3 d5 8. Ng5 dxc4 9. Bxc4 h6 10. Nf3 a6
11. Be2 b5 12. O-O c5 13. bxc5 Bxc5 14. d4 Bb6 15. Nbd2 Nc6 16. Nb3 Nd7 17. Qc2 Ne7 18. Nbd2 Rc8 19. Qd3 Ng6 20. Ne4 Bxe4
21. Qxe4 Nf6 22. Qd3 Nh7 23. Rfc1 Ne7 24. Rxc8 Nxc8 25. Qc3 f6 26. a4 Kh8 27. axb5 axb5 28. Bxb5 Nd6 29. Bd3 Ng5 30. Nh4 Kg8
31. Ng6 Nge4 32. Qc6 Re8 33. Bxe4 Nxe4 34. Qxe4 f5 35. Qb7 Kh7 36. d5 Bc7 37. Nf4 Qe7 38. dxe6 Rb8 39. Ba3 Rxb7 40. Bxe7 Be5
41. Rd1 Bxf4 42. Bd8 Bg5 43. f4 Bxd8 44. Rxd8 Re7 45. Rd6 Kg8 46. Kf2 g6 47. Kf3 Kg7 48. Rd7 Kf6 49. Rxe7 Kxe7 50. g4 Kxe6
51. gxf5+ gxf5 52. e4 h5 53. h4 fxe4+ 54. Kxe4 Kf6 55. f5 Kf7 56. Ke5 Ke7 57. f6+ Kf7 58. Kf5 Kf8 59. Kg6 Kg8 60. Kxh5 Kf7
61. Kg5 Kf8 62. Kg6 Kg8 63. h5 Kf8 64. f7
1-0

[Event "15th SC 1400/1800"]
[Site "SchemingMind.com"]
[Date "2006.07.28"]
[Round "-"]
[White "Dr_Pat"]
[Black "spoke"]
[Result "1/2-1/2"]
[WhiteCountry "USA"]
[BlackCountry "GER"]
[WhiteElo "1474"]
[WhiteRD "49"]
[BlackElo "1678"]
[BlackRD "61"]
[GameID "61318"]

1. e4 e5 2. Nf3 Nc6 3. Bb5 Bb4 4. c3 Ba5 5. O-O Nge7 6. d4 exd4 7. cxd4 d5 8. Bg5 f6 9. Bd2 Bb6 10. exd5 Qxd5
11. Bxc6+ Nxc6 12. Nc3 Qf5 13. Re1+ Ne7 14. Rc1 Kf7 15. Na4 c6 16. Nxb6 axb6 17. a3 Be6 18. b4 b5 19. Ra1 Rhe8 20. Nh4 Qg4
21. Qxg4 Bxg4 22. h3 Be6 23. Re3 Nd5 24. Re2 g5 25. Nf3 h5 26. Rae1 g4 27. hxg4 hxg4 28. Nh4 Bd7 29. Rxe8 Rxe8 30. Rxe8 Kxe8
31. Kh2 Kf7 32. Kg3 f5 33. f3 gxf3 34. gxf3 Kf6 35. Ng2 Kg6 36. Nf4+ Nxf4=
1/2-1/2

[Event "15th SC 1400/1800"]
[Site "SchemingMind.com"]
[Date "2006.07.28"]
[Round "-"]
[White "Dr_Pat"]
[Black "echecs"]
[Result "0-1"]
[WhiteCountry "USA"]
[BlackCountry "ENG"]
[WhiteElo "1474"]
[WhiteRD "49"]
[BlackElo "1651"]
[BlackRD "71"]
[GameID "61319"]

1. e4 c5 2. Nf3 Nc6 3. d4 cxd4 4. Nxd4 e5 5. Nf3 Nf6 6. Nc3 Bc5 7. h3 Qb6 8. Qe2 O-O 9. g4 d5 10. Nxd5 Nxd5
11. exd5 Nd4 12. Nxd4 exd4 13. Bg2 Bd7 14. a4 Rfe8 15. Be4 Qb4+ 16. Kf1 Bd6 17. b3 Be5 18. Rb1 a5 19. f4 Bd6 20. h4 Bxg4
21. Bxh7+ Kxh7 22. Qxg4 Qe1+ 23. Kg2 Re2+ 24. Kh3 Qxh1+ 25. Kg3 Qg2#
0-1

[Event "15th SC 1400/1800"]
[Site "SchemingMind.com"]
[Date "2006.07.28"]
[Round "-"]
[White "Dr_Pat"]
[Black "Gilligan"]
[Result "0-1"]
[WhiteCountry "USA"]
[BlackCountry "USA"]
[WhiteElo "1474"]
[WhiteRD "49"]
[BlackElo "1627"]
[BlackRD "72"]
[GameID "61320"]

1. e4 e5 2. Nf3 Nc6 3. Bb5 Nf6 4. O-O Be7 5. Nc3 d6 6. Re1 O-O 7. Bxc6 bxc6 8. d4 Bg4 9. h3 Bh5 10. dxe5 Bxf3
11. Qxf3 dxe5 12. Be3 Rb8 13. Qg3 Bd6 14. Bh6 Nh5 15. Qg4 Qf6 16. Qxh5 gxh6 17. Na4 Kh8 18. b3 Rg8 19. Re3 Rg5 20. Qf3 Qg6
21. h4 Rg4 22. Qh3 h5 23. Rg3 Qxe4 24. Rxg4 hxg4 25. Qe3 Qxe3 26. fxe3 f5 27. Rf1 Rf8 28. Nb2 Kg7 29. Nc4 g3 30. Nxd6 cxd6
31. Rd1 d5 32. a4 e4 33. b4 Rc8 34. a5 Kg6 35. c3 Kh5 36. Kf1 Kxh4 37. Ke2 Kg4 38. a6 h5 39. Rh1 h4 40. Kf1 c5
41. b5 Rb8
0-1

[Event "15th SC 1400/1800"]
[Site "SchemingMind.com"]
[Date "2006.07.28"]
[Round "-"]
[White "spoke"]
[Black "Dr_Pat"]
[Result "1-0"]
[WhiteCountry "GER"]
[BlackCountry "USA"]
[WhiteElo "1678"]
[WhiteRD "61"]
[BlackElo "1474"]
[BlackRD "49"]
[GameID "61321"]

1. g3 e5 2. Bg2 d5 3. d4 exd4 4. Qxd4 Nf6 5. Bg5 Be6 6. Bxf6 Qxf6 7. Qxf6 gxf6 8. c4 c6 9. cxd5 cxd5 10. Nc3 Nc6
11. Nxd5 O-O-O 12. O-O-O Bg7 13. e4 Kb8 14. Ne2 f5 15. Nec3 fxe4 16. Bxe4 h6 17. Nf4 Bxc3 18. Nxe6 Bxb2+ 19. Kxb2 fxe6 20. Bxc6 bxc6
21. Rc1 Rd2+ 22. Rc2 Rxc2+ 23. Kxc2 Rf8 24. f4 Rc8 25. Re1 Re8 26. f5 e5 27. Kc3 Kb7 28. Kc4 Kc7 29. Kc5 e4 30. g4 e3
31. Kd4 e2 32. Kd3 c5 33. Rxe2 Rxe2 34. Kxe2 c4 35. h4 Kc6 36. g5 hxg5 37. hxg5 c3 38. f6 Kd7 39. Kd3 Ke6 40. Kxc3 Kf7
41. a4
1-0

[Event "15th SC 1400/1800"]
[Site "SchemingMind.com"]
[Date "2006.07.28"]
[Round "-"]
[White "echecs"]
[Black "Dr_Pat"]
[Result "0-1"]
[WhiteCountry "ENG"]
[BlackCountry "USA"]
[WhiteElo "1651"]
[WhiteRD "71"]
[BlackElo "1474"]
[BlackRD "49"]
[GameID "61322"]

1. e4 e5 2. Nf3 Nc6 3. Bb5 a6 4. Bxc6 dxc6 5. Nxe5 Qd4 6. Ng4 Qxe4+ 7. Ne3 Bd6 8. Nc3 Qg6 9. d3 Nf6 10. Bd2 Be6
11. Qf3 O-O 12. O-O Rfe8 13. Rfe1 Ng4 14. g3 Ne5 15. Ne4 Nxf3+
0-1

[Event "15th SC 1400/1800"]
[Site "SchemingMind.com"]
[Date "2006.07.28"]
[Round "-"]
[White "Gilligan"]
[Black "Dr_Pat"]
[Result "1-0"]
[WhiteCountry "USA"]
[BlackCountry "USA"]
[WhiteElo "1627"]
[WhiteRD "72"]
[BlackElo "1474"]
[BlackRD "49"]
[GameID "61323"]

1. d4 Nf6 2. c4 e6 3. Nc3 Bb4 4. e3 O-O 5. Nf3 c5 6. a3 Bxc3+ 7. bxc3 b6 8. Bd3 Ba6 9. O-O d5 10. cxd5 exd5
11. Bxa6 Nxa6 12. Qc2 Re8 13. Bd2 Nb8 14. c4 Nc6 15. dxc5 Qc7 16. cxd5 Nxd5 17. Ne1 Ne5 18. f3 bxc5 19. e4 Nf6 20. Rd1 Red8
21. g3 c4 22. Qc3 Nd3 23. Be3 Ne5 24. Rxd8+ Qxd8 25. Qxe5 a5 26. Qc3 Rc8 27. Nc2 Qd3 28. Bd4 Qxc3 29. Bxc3 a4 30. Rd1 Nd7
31. Rxd7
1-0

[Event "15th SC 1400/1800"]
[Site "SchemingMind.com"]
[Date "2006.07.28"]
[Round "-"]
[White "Rotceh"]
[Black "spoke"]
[Result "0-1"]
[WhiteCountry "MEX"]
[BlackCountry "GER"]
[WhiteElo "1560"]
[WhiteRD "74"]
[BlackElo "1678"]
[BlackRD "61"]
[GameID "61353"]

1. e4 e5 2. Nf3 Nc6 3. d4 exd4 4. Nxd4 Nf6 5. Nxc6 bxc6 6. Bd3 Bc5 7. O-O d6 8. Nc3 Bg4 9. Be2 Bxe2 10. Qxe2 O-O
11. Be3 Bb6 12. Rad1 Qe7 13. Bxb6 cxb6 14. Rd3 d5 15. exd5 Qxe2 16. Nxe2 Nxd5 17. Rfd1 Rfe8 18. c4 Rxe2 19. cxd5 Rae8 20. f3 cxd5
21. a4 Rxb2 22. a5 Ree2 23. Rxd5 Rxg2+ 24. Kf1 g6 25. axb6 Rxh2 26. Kg1 axb6 27. Rd8+ Kg7 28. Rb8 b5 29. Rxb5 Rh1+ 30. Kxh1 Rxb5
31. Kg2 Rb2+ 32. Kg3 h5 33. Rc1 g5
0-1

[Event "15th SC 1400/1800"]
[Site "SchemingMind.com"]
[Date "2006.07.28"]
[Round "-"]
[White "Rotceh"]
[Black "Dr_Pat"]
[Result "1-0"]
[WhiteCountry "MEX"]
[BlackCountry "USA"]
[WhiteElo "1560"]
[WhiteRD "74"]
[BlackElo "1474"]
[BlackRD "49"]
[GameID "61354"]

1. e4 e5 2. Nf3 Nc6 3. d4 exd4 4. Nxd4 Nxd4 5. Qxd4 Nf6 6. Nc3 d6 7. Bc4 Be7 8. Nd5 O-O 9. Bg5 Nxd5 10. Bxe7 Nxe7
11. O-O-O Nc6 12. Qe3 Qf6 13. f4 Be6 14. Bb3 Bxb3 15. axb3 a6 16. c3 Na5 17. Kc2 Rfe8 18. g4 h6 19. h4 d5 20. Rxd5 b6
21. g5 hxg5 22. hxg5 Qc6 23. Qh3 f6 24. Qh7+ Kf7 25. g6+ Ke7 26. Qxg7+
1-0

[Event "15th SC 1400/1800"]
[Site "SchemingMind.com"]
[Date "2006.07.28"]
[Round "-"]
[White "Rotceh"]
[Black "echecs"]
[Result "1-0"]
[WhiteCountry "MEX"]
[BlackCountry "ENG"]
[WhiteElo "1560"]
[WhiteRD "74"]
[BlackElo "1651"]
[BlackRD "71"]
[GameID "61355"]

1. e4 Nf6 2. e5 Nd5 3. c4 Nb6 4. d4 d6 5. f4 dxe5 6. fxe5 c5 7. d5 N8d7 8. Nf3 g6 9. Bf4 Bg7 10. Bd3 O-O
11. Qd2 Qc7 12. Bh6 Nxe5 13. Bxg7 Nxf3+ 14. gxf3 Kxg7 15. Qe3 Bd7 16. Kf2 Rae8 17. Be4 Kg8 18. Nd2 Nc8 19. h4 Nd6 20. h5 Nf5
21. Qg5 Qe5 22. b3 Qd4+ 23. Ke2 Qe5 24. Kf2 f6 25. Qg1 Qf4 26. Nf1 g5 27. Qg4 Qe5 28. Rd1 Bc8 29. Qg2 Qf4 30. Qh2 Qh4+
31. Qxh4 Nxh4 32. Ne3 f5 33. Bd3 f4 34. Ng4 b6 35. Ne5 Kg7 36. Rdg1 Kh6 37. Be4 Bf5 38. Bxf5 Rxf5 39. Nc6 a6 40. Re1 Kxh5
41. Nxe7 Rf7 42. Rxh4+ Kxh4 43. Rh1#
1-0

[Event "15th SC 1400/1800"]
[Site "SchemingMind.com"]
[Date "2006.07.28"]
[Round "-"]
[White "Rotceh"]
[Black "Gilligan"]
[Result "1-0"]
[WhiteCountry "MEX"]
[BlackCountry "USA"]
[WhiteElo "1560"]
[WhiteRD "74"]
[BlackElo "1627"]
[BlackRD "72"]
[GameID "61356"]

1. e4 e5 2. Nf3 Nc6 3. d4 exd4 4. Nxd4 Bc5 5. Nxc6 bxc6 6. Bd3 d6 7. Nc3 Qf6 8. O-O Ne7 9. Qe2 O-O 10. Be3 Bb6
11. Na4 Ng6 12. Nxb6 cxb6 13. Rab1 Be6 14. b3 Qe7 15. Bd4 c5 16. Bb2 Rae8 17. Qe3 f6 18. Qg3 Bf7 19. f4 Nh8 20. f5 g6
21. h4 g5 22. hxg5 fxg5 23. f6 Qe6 24. Qxg5+ Ng6 25. Qh6
1-0

[Event "15th SC 1400/1800"]
[Site "SchemingMind.com"]
[Date "2006.07.28"]
[Round "-"]
[White "spoke"]
[Black "Rotceh"]
[Result "1/2-1/2"]
[WhiteCountry "GER"]
[BlackCountry "MEX"]
[WhiteElo "1678"]
[WhiteRD "61"]
[BlackElo "1560"]
[BlackRD "74"]
[GameID "61357"]

1. e4 e5 2. Nf3 Nf6 3. Nc3 Nc6 4. Bb5 d6 5. d3 Be7 6. Nd5 Bd7 7. Nxe7 Qxe7 8. Bg5 a6 9. Ba4 b5 10. Bb3 Na5
11. c3 Nxb3 12. axb3 O-O 13. c4 b4 14. O-O c5 15. h3 Qe6 16. Nh2 Nh5 17. Qxh5 f5 18. Qe2 f4 19. Bh4 h6 20. f3 g5
21. Bf2 h5 22. Kh1 Kf7 23. Rg1 Rh8 24. h4 g4 25. fxg4 hxg4 26. g3 f3 27. Nxf3 gxf3 28. Qxf3+ Ke7 29. g4 Raf8 30. Qe2 Rf4
31. Rg2 Rxg4 32. Rxg4 Qxg4 33. Qxg4 Bxg4 34. Re1 Kd7 35. Kg2 Kc6 36. Bg3 Kc7 37. Re3 Rg8 38. Kg1=
1/2-1/2

[Event "15th SC 1400/1800"]
[Site "SchemingMind.com"]
[Date "2006.07.28"]
[Round "-"]
[White "Dr_Pat"]
[Black "Rotceh"]
[Result "0-1"]
[WhiteCountry "USA"]
[BlackCountry "MEX"]
[WhiteElo "1474"]
[WhiteRD "49"]
[BlackElo "1560"]
[BlackRD "74"]
[GameID "61358"]

1. e4 e5 2. Nf3 Nf6 3. Nc3 d6 4. h3 Be7 5. d4 exd4 6. Nxd4 O-O 7. Bd3 Bd7 8. O-O Nc6 9. Nxc6 Bxc6 10. Nd5 Nxd5
11. exd5 Bxd5 12. Bxh7+ Kxh7 13. Qxd5 c6 14. Qh5+ Kg8 15. h4 Bxh4 16. g3 Bf6 17. Kg2 Re8 18. Rh1 Kf8 19. Bd2 Re6 20. Qh8+ Ke7
21. Qxd8+ Rxd8 22. Rhe1 Bxb2 23. Rxe6+ fxe6 24. Rb1 Bd4 25. Rxb7+ Rd7 26. Rxd7+ Kxd7 27. c3 Bf6 28. Kf3 d5 29. a4 c5 30. Be3 Kc6
31. g4 Bxc3 32. Kf4 Bd4 33. Bxd4 cxd4 34. Kf3 e5 35. Ke2 e4 36. f3 exf3+ 37. Kxf3 Kc5 38. g5 Kc4 39. Ke2 Kc3 40. Kd1 d3
41. g6 d2
0-1

[Event "15th SC 1400/1800"]
[Site "SchemingMind.com"]
[Date "2006.07.28"]
[Round "-"]
[White "echecs"]
[Black "Rotceh"]
[Result "0-1"]
[WhiteCountry "ENG"]
[BlackCountry "MEX"]
[WhiteElo "1651"]
[WhiteRD "71"]
[BlackElo "1560"]
[BlackRD "74"]
[GameID "61359"]

1. b4 Nf6 2. Bb2 e6 3. a3 c5 4. bxc5 Bxc5 5. e3 Nc6 6. Nf3 O-O 7. Bd3 Re8 8. Ng5 e5 9. Qf3 d5 10. Bxh7+ Nxh7
11. Qxf7+ Kh8 12. Qh5 Qxg5 13. Qxe8+ Nf8 14. g3 Qf5 15. d3 Rb8 16. Nd2 Bd7 17. e4 Qxf2+
0-1

[Event "15th SC 1400/1800"]
[Site "SchemingMind.com"]
[Date "2006.07.28"]
[Round "-"]
[White "Gilligan"]
[Black "Rotceh"]
[Result "1-0"]
[WhiteCountry "USA"]
[BlackCountry "MEX"]
[WhiteElo "1627"]
[WhiteRD "72"]
[BlackElo "1560"]
[BlackRD "74"]
[GameID "61360"]

1. e4 e5 2. Nf3 Nf6 3. Nc3 d6 4. d4 exd4 5. Nxd4 c5 6. Nf3 Nc6 7. h3 a6 8. Bd3 Be7 9. O-O Nb4 10. a3 Nxd3
11. cxd3 O-O 12. Qe2 b5 13. b4 cxb4 14. axb4 Bb7 15. Bf4 Nd7 16. Rac1 Nb6 17. Nd2 d5 18. Rb1 dxe4 19. dxe4 Rc8 20. Qe3 Bf6
21. Rbc1 Nc4 22. Nxc4 Rxc4 23. e5 Be7 24. Rfd1 Qc8 25. Qg3 h6 26. Bxh6 g6 27. Bxf8 Bxf8 28. Ne2 Bxb4 29. h4 Be4 30. Rxc4 Qxc4
31. Qe3 Bf5 32. Nf4 Bc3 33. Rd8+ Kg7 34. Nh5+ gxh5 35. Qg5+
1-0

[Event "15th SC 1400/1800"]
[Site "SchemingMind.com"]
[Date "2006.07.29"]
[Round "-"]
[White "McKnights"]
[Black "spoke"]
[Result "1-0"]
[WhiteCountry "USA"]
[BlackCountry "GER"]
[WhiteElo "1776"]
[WhiteRD "60"]
[BlackElo "1678"]
[BlackRD "61"]
[GameID "61532"]

1. e4 e5 2. Nf3 Nc6 3. Nc3 Nf6 4. d4 exd4 5. Nxd4 d6 6. Bb5 Bd7 7. O-O a6 8. Ba4 b5 9. Bb3 Nxd4 10. Qxd4 c5
11. Qe3 c4 12. e5 Ng4 13. Qe2 Qh4 14. exd6+ Be6 15. Bf4 cxb3 16. axb3 Qh5 17. h3 Qf5 18. Qf3 Bd5 19. Nxd5
1-0

[Event "15th SC 1400/1800"]
[Site "SchemingMind.com"]
[Date "2006.07.29"]
[Round "-"]
[White "McKnights"]
[Black "Dr_Pat"]
[Result "1-0"]
[WhiteCountry "USA"]
[BlackCountry "USA"]
[WhiteElo "1776"]
[WhiteRD "60"]
[BlackElo "1474"]
[BlackRD "49"]
[GameID "61533"]

1. e4 e5 2. Nf3 Nc6 3. Nc3 Nf6 4. d4 exd4 5. Nxd4 Bb4 6. Nxc6 Bxc3+ 7. bxc3 dxc6 8. Qxd8+ Kxd8 9. Bg5 Be6 10. Bxf6+ gxf6
11. O-O-O+ Ke7 12. Kb2 Rhg8 13. f3 Rad8 14. Rxd8 Rxd8 15. Bd3 c5 16. c4 Rd6 17. Rb1 Ra6 18. Ka1 Ra4 19. Rxb7 Bxc4 20. Bxc4 Rxc4
21. Rxc7+ Ke6 22. Kb2 a5 23. c3
1-0

[Event "15th SC 1400/1800"]
[Site "SchemingMind.com"]
[Date "2006.07.29"]
[Round "-"]
[White "McKnights"]
[Black "Rotceh"]
[Result "1-0"]
[WhiteCountry "USA"]
[BlackCountry "MEX"]
[WhiteElo "1776"]
[WhiteRD "60"]
[BlackElo "1560"]
[BlackRD "74"]
[GameID "61534"]

1. e4 e5 2. Nf3 Nf6 3. Nc3 d6 4. d4 exd4 5. Nxd4 c5 6. Nf3 Nc6 7. Bg5 Be7 8. e5 dxe5 9. Qxd8+ Bxd8 10. Bxf6 Bxf6
11. Bb5 Bd7 12. Nd5 Bd8 13. O-O-O a6 14. Bxc6 bxc6 15. Nc3 Bg4 16. Rd3 c4 17. Re3 f6 18. Nd2 Bb6 19. Rg3 h5 20. f3 Bf5
21. Rxg7 O-O-O 22. Nde4 Bxe4 23. Nxe4 f5 24. Ng3 Be3+ 25. Kb1 f4 26. Nf5 Rd2 27. Ne7+ Kd8 28. Nxc6+ Ke8 29. Nxe5 Bd4 30. Nxc4 Re2
31. Rg6 Kf7 32. Rxa6 Rxg2 33. Nd6+ Kf8 34. Ra8+
1-0

[Event "15th SC 1400/1800"]
[Site "SchemingMind.com"]
[Date "2006.07.29"]
[Round "-"]
[White "McKnights"]
[Black "echecs"]
[Result "0-1"]
[WhiteCountry "USA"]
[BlackCountry "ENG"]
[WhiteElo "1776"]
[WhiteRD "60"]
[BlackElo "1651"]
[BlackRD "71"]
[GameID "61535"]

1. e4 e6 2. d4 Nf6 3. Nc3 d5 4. Bg5 dxe4 5. Nxe4 Be7 6. Nxf6+ Bxf6 7. Bxf6 Qxf6 8. Nf3 Nc6 9. Bb5 Bd7 10. c3 a6
11. Ba4 b5 12. Bc2 O-O 13. Qd3 g6 14. O-O-O b4 15. c4 a5 16. Rhe1 a4 17. Ne5 Nxe5 18. dxe5 Qf4+ 19. Kb1 Bc6 20. f3 Qxh2
21. Rh1 Qxg2 22. Rdf1 Qg3 23. Qe2 Ra5 24. Rhg1 Qxe5 25. Qd2 Rb8 26. Bd1 a3 27. b3 Raa8 28. Rg2 Bb7 29. Re2 Qf5+ 30. Bc2 Qf6
31. Bd3 c5 32. Qe1 Rd8 33. Be4 Bxe4+ 34. fxe4 Qe5 35. Rff2 Rd4 36. Qf1 Rxe4 37. Qg2 Rxe2 38. Rxe2 Qf5+ 39. Kc1 Rd8 40. Qg1 Qd3
41. Qe1 Qd4 42. Kb1 Kg7 43. Re5 Qb2#
0-1

[Event "15th SC 1400/1800"]
[Site "SchemingMind.com"]
[Date "2006.07.29"]
[Round "-"]
[White "McKnights"]
[Black "Gilligan"]
[Result "1-0"]
[WhiteCountry "USA"]
[BlackCountry "USA"]
[WhiteElo "1776"]
[WhiteRD "60"]
[BlackElo "1627"]
[BlackRD "72"]
[GameID "61536"]

1. e4 e5 2. Nf3 Nc6 3. Nc3 Nf6 4. Bb5 d6 5. d4 Bd7 6. Bxc6 bxc6 7. dxe5 Ng4 8. exd6 cxd6 9. Bf4 Qc7 10. O-O Be7
11. h3 Ne5 12. Nxe5 dxe5 13. Bg3 O-O 14. Qh5 f5 15. Rae1 Be8 16. Qe2 f4 17. Bh2 Qd6 18. b3 f3 19. gxf3 Bh5 20. Qc4+ Kh8
21. Re3 Bxf3 22. Bg3 h5 23. Qd3 Qg6 24. Kh2 Rad8 25. Nd5 Bf6 26. Rxf3 cxd5 27. Re1 h4 28. exd5 hxg3+ 29. fxg3 Qxd3 30. Rxd3 a5
31. c4 Rb8 32. d6 Rfd8 33. c5 Rbc8 34. Rc1 Kg8 35. c6 e4 36. Rd5 e3 37. Kg2 e2 38. Kf2 Bg5 39. Rc2 Rxc6 40. Rxe2 Rcxd6
41. Rxg5 Rf8+ 42. Kg2 Ra8 43. h4 a4 44. b4 a3 45. h5 Kh7 46. Kh3 Rd4 47. Re7 Rg8 48. Ra7 Rxb4 49. Rxa3 Rb7 50. g4 Rf7
51. Kg3 Rgf8 52. Re3 Rf1 53. Re2 Kh6 54. Rg6+ Kh7 55. a4 Ra1 56. Re7 Rxa4 57. Rgxg7+ Kh6 58. Rg6#
1-0

[Event "15th SC 1400/1800"]
[Site "SchemingMind.com"]
[Date "2006.07.30"]
[Round "-"]
[White "spoke"]
[Black "McKnights"]
[Result "0-1"]
[WhiteCountry "GER"]
[BlackCountry "USA"]
[WhiteElo "1678"]
[WhiteRD "61"]
[BlackElo "1776"]
[BlackRD "60"]
[GameID "61537"]

1. e4 d5 2. exd5 Nf6 3. c4 c6 4. d4 cxd5 5. c5 Nc6 6. Nc3 Bf5 7. Bb5 e6 8. Nf3 Bg4 9. h3 Bxf3 10. Qxf3 Qc7
11. Bf4 Qc8 12. O-O Be7 13. Rfe1 O-O 14. Bxc6 bxc6 15. b4 Qa6 16. a4 Qc4 17. Qg3 Nh5
0-1

[Event "15th SC 1400/1800"]
[Site "SchemingMind.com"]
[Date "2006.07.29"]
[Round "-"]
[White "Dr_Pat"]
[Black "McKnights"]
[Result "0-1"]
[WhiteCountry "USA"]
[BlackCountry "USA"]
[WhiteElo "1474"]
[WhiteRD "49"]
[BlackElo "1776"]
[BlackRD "60"]
[GameID "61538"]

1. e4 d5 2. exd5 Nf6 3. d4 Nxd5 4. c4 Nf6 5. Nf3 Bg4 6. Be2 e6 7. Nc3 Bb4 8. h3 Bh5 9. O-O Nc6 10. d5 exd5
11. cxd5 Bxf3 12. Bxf3 Ne5 13. Re1 Bd6 14. Bf4 Nd7 15. Nb5 O-O 16. Nxd6 cxd6 17. Rc1 Re8 18. Be2 a6 19. Bg4 Nf6 20. Bxe5 dxe5
21. Rc3 Nxg4 22. Qxg4 Qxd5 23. a3 Rad8 24. Qe4 Qb5 25. b3 Rd4 26. Qe2 Qd7 27. Rc4 Rxc4 28. Qxc4 Qd2 29. Qe2 Qxe2 30. Rxe2 f6
31. g4 Kf7 32. Kg2 Rc8 33. Re3 Rc2 34. Kg3 h6 35. f4 exf4+ 36. Kxf4 g5+ 37. Kf3 Rc6 38. a4 Re6 39. Rxe6 Kxe6 40. Ke4 b6
41. b4 a5 42. bxa5 bxa5 43. Kd4 f5 44. gxf5+ Kxf5 45. Ke3 g4 46. hxg4+ Kxg4 47. Kf2 Kf4 48. Kg2 Ke4 49. Kf1 Kd3 50. Ke1 Kc3
0-1

[Event "15th SC 1400/1800"]
[Site "SchemingMind.com"]
[Date "2006.07.31"]
[Round "-"]
[White "Rotceh"]
[Black "McKnights"]
[Result "0-1"]
[WhiteCountry "MEX"]
[BlackCountry "USA"]
[WhiteElo "1560"]
[WhiteRD "74"]
[BlackElo "1776"]
[BlackRD "60"]
[GameID "61539"]

1. e4 d5 2. exd5 Nf6 3. c4 c6 4. dxc6 Nxc6 5. Nc3 e5 6. d3 e4 7. dxe4 Qxd1+ 8. Kxd1 Be6 9. a3 O-O-O+ 10. Bd2 Ng4
11. Ke1 Nd4 12. Rc1 Nb3 13. Rd1 Nxd2 14. Nh3 Nxc4 15. Bxc4 Rxd1+ 16. Nxd1 Bxc4 17. f3 Ne5 18. Nhf2 Bc5 19. b4 Bxf2+ 20. Kxf2 Rd8
21. Ne3 Rd2+ 22. Kg3 Ra2 23. f4 Rxa3 24. Kf2 Nd3+
0-1